[Event "Bundesliga 2021-22"]
[Site "Viernheim GER"]
[Date "2022.03.06"]
[Round "2.1"]
[Board "3"]
[White "L'Ami, Erwin"]
[Black "Costa, Leonardo"]
[Result "1-0"]
[WhiteTitle "GM"]
[BlackTitle "FM"]
[WhiteElo "2621"]
[BlackElo "2320"]
[WhiteTeam "SG Solingen"]
[BlackTeam "BCA Augsburg"]
[WhiteFideId "1007998"]
[BlackFideId "16213955"]
[EventDate "2022.03.05"]

1. d4 d5 2. c4 e6 3. Nc3 Nf6 4. cxd5 exd5 5. Bg5 Be7 6. e3 O-O 7. Bd3 h6 8. Bh4
Re8 9. Nf3 c6 10. Bg3 Nh5 11. Be5 Bd6 12. h3 Nf6 13. O-O Qe7 14. Bxf6 Qxf6 15.
e4 dxe4 16. Nxe4 Qe7 17. Re1 Be6 18. Bc4 Nd7 19. Bxe6 fxe6 20. Qb3 Nb6 21. Nxd6
Qxd6 22. Re4 Re7 23. Rae1 Rae8 24. Ne5 Nd5 25. a3 Nf6 26. Rf4 Nd5 27. Rh4 Nf6
28. Qg3 h5 29. Qg5 c5 30. Rf4 Nd5 31. Rf3 cxd4 32. Qxh5 Nf6 33. Rxf6 gxf6 34.
Qg6+ Kf8 35. Qxf6+ Kg8 36. Qg6+ Kf8 37. Re4 Rg7 38. Rf4+ 1-0

[Event "Bundesliga 2021-22"]
[Site "Viernheim GER"]
[Date "2022.03.06"]
[Round "2.1"]
[Board "4"]
[White "Rupprecht, Andreas"]
[Black "Warmerdam, Max"]
[Result "0-1"]
[WhiteTitle "IM"]
[BlackTitle "GM"]
[WhiteElo "2389"]
[BlackElo "2600"]
[WhiteTeam "BCA Augsburg"]
[BlackTeam "SG Solingen"]
[WhiteFideId "4693019"]
[BlackFideId "1048104"]
[EventDate "2022.03.05"]

1. e4 c5 2. c3 d5 3. exd5 Nf6 4. Qa4+ Nbd7 5. c4 b5 6. Qxb5 Rb8 7. Qa4 e6 8. Nc3
exd5 9. cxd5 Bd6 10. Nf3 O-O 11. Be2 Nb6 12. Qh4 Bb7 13. O-O Nbxd5 14. d4 Re8
15. Bd3 cxd4 16. Nxd4 Re5 17. Bg5 h6 18. Bxf6 Nxf6 19. Nf5 g6 20. Nxd6 Qxd6 21.
Rfd1 Qc6 22. Bf1 Rg5 23. f3 Qxf3 24. Qxg5 Qxd1 25. Rxd1 hxg5 26. b3 Re8 27. Bc4
Kg7 28. h3 Re5 29. Rf1 Bc6 30. Rf2 Re1+ 31. Rf1 Re3 32. Ne2 Nd5 33. Nd4 Ba8 34.
Nf3 f6 35. Kf2 Rc3 36. Rd1 Nb6 37. Be2 Bxf3 38. gxf3 Kf7 39. Bd3 f5 40. Ke3 Rc7
41. Kd4 Kf6 42. a4 Rh7 43. a5 Nd7 44. Bf1 Ne5 45. Kc5 Rc7+ 46. Kb5 Nxf3 47. Rd6+
Ke5 48. Rxg6 Nd4+ 49. Ka6 Kf4 50. b4 Nc2 51. Kb5 Rb7+ 52. Ka6 Re7 53. Kb5 Re5+
54. Kc6 Nxb4+ 0-1

[Event "Bundesliga 2021-22"]
[Site "Viernheim GER"]
[Date "2022.03.06"]
[Round "2.1"]
[Board "6"]
[White "Fauth, Dietmar"]
[Black "Van Wely, Loek"]
[Result "0-1"]
[BlackTitle "GM"]
[WhiteElo "2188"]
[BlackElo "2613"]
[WhiteTeam "BCA Augsburg"]
[BlackTeam "SG Solingen"]
[WhiteFideId "4629795"]
[BlackFideId "1000268"]
[EventDate "2022.03.05"]

1. e4 c5 2. d4 cxd4 3. c3 dxc3 4. Nxc3 Nc6 5. Nf3 e6 6. Bc4 a6 7. O-O Nge7 8.
Bg5 h6 9. Be3 b5 10. Bb3 Bb7 11. Re1 Na5 12. Bd5 exd5 13. exd5 d6 14. Bf4 Qd7
15. Ne4 Nc4 16. b3 f5 17. bxc4 fxe4 18. Nd4 bxc4 19. Rxe4 Kf7 20. Re6 Nxd5 21.
Qg4 Kg8 0-1

[Event "Bundesliga 2021-22"]
[Site "Viernheim GER"]
[Date "2022.03.06"]
[Round "2.2"]
[Board "1"]
[White "Amin, Bassem"]
[Black "Bartel, Mateusz"]
[Result "1/2-1/2"]
[WhiteTitle "GM"]
[BlackTitle "GM"]
[WhiteElo "2683"]
[BlackElo "2616"]
[WhiteTeam "SC Viernheim"]
[BlackTeam "USV TU Dresden"]
[WhiteFideId "10601457"]
[BlackFideId "1112635"]
[EventDate "2022.03.05"]

1. e4 e6 2. d3 d5 3. Nd2 Nf6 4. Ngf3 Nc6 5. c3 Bd6 6. g3 O-O 7. Bg2 dxe4 8. dxe4
e5 9. O-O b5 10. Re1 Be6 11. Bf1 Rb8 12. a4 b4 13. Nc4 Bxc4 14. Bxc4 Na5 15. Qe2
bxc3 16. bxc3 Qe7 17. Ba2 Nb3 18. Rb1 Nxc1 19. Rexc1 Nd7 20. a5 Nc5 21. Bd5 g6
22. h4 Rxb1 23. Rxb1 h5 24. Ne1 Kg7 25. Nc2 Qd7 26. Nb4 f5 27. exf5 Qxf5 28. Rf1
e4 29. Qe3 Kh7 30. Kg2 Qg4 31. f4 Ne6 32. f5 Nc5 33. fxg6+ Qxg6 34. Rxf8 Bxf8
35. Nc6 a6 36. c4 Bd6 37. Nd8 Kg7 38. Nf7 Qf6 39. Ng5 Qb2+ 40. Kh3 Qa1 41. Kg2
Qb2+ 42. Kh3 Qa1 1/2-1/2

[Event "Bundesliga 2021-22"]
[Site "Viernheim GER"]
[Date "2022.03.06"]
[Round "2.2"]
[Board "2"]
[White "Pechac, Jergus"]
[Black "Fedorchuk, Sergey A."]
[Result "1/2-1/2"]
[WhiteTitle "GM"]
[BlackTitle "GM"]
[WhiteElo "2599"]
[BlackElo "2604"]
[WhiteTeam "USV TU Dresden"]
[BlackTeam "SC Viernheim"]
[WhiteFideId "14926970"]
[BlackFideId "14102536"]
[EventDate "2022.03.05"]

1. d4 Nf6 2. c4 e6 3. Nc3 Bb4 4. e3 O-O 5. Bd3 c5 6. Ne2 d5 7. cxd5 cxd4 8. exd4
Nxd5 9. a3 Bd6 10. O-O Nc6 11. Re1 Re8 12. Ng3 Be7 13. Nxd5 exd5 14. Be3 g6 15.
Qf3 Be6 16. b4 Bf6 17. Ne2 Bg7 18. Rac1 Rc8 19. h3 Qf6 20. Qxf6 Bxf6 21. Bb5
Red8 22. Bxc6 Rxc6 23. Rxc6 bxc6 24. Rc1 Bd7 25. Nf4 Be7 26. Nd3 f6 27. Nc5 Bxc5
28. Rxc5 a6 29. g4 1/2-1/2

[Event "Bundesliga 2021-22"]
[Site "Viernheim GER"]
[Date "2022.03.06"]
[Round "2.2"]
[Board "3"]
[White "Braun, Arik"]
[Black "Vogel, Roven"]
[Result "1-0"]
[WhiteTitle "GM"]
[BlackTitle "IM"]
[WhiteElo "2587"]
[BlackElo "2447"]
[WhiteTeam "SC Viernheim"]
[BlackTeam "USV TU Dresden"]
[WhiteFideId "4663527"]
[BlackFideId "12908088"]
[EventDate "2022.03.05"]

1. d4 d5 2. Nf3 Nf6 3. e3 Bf5 4. c4 c6 5. Nc3 e6 6. Nh4 Bg6 7. Nxg6 hxg6 8. a3
Nbd7 9. g3 Bd6 10. Bg2 dxc4 11. f4 Nd5 12. e4 Nxc3 13. bxc3 Qa5 14. Qc2 Be7 15.
O-O Nb6 16. a4 Rd8 17. h4 f6 18. Bd2 Kf7 19. Bh3 f5 20. Rfe1 Bf6 21. Bg2 Rd7 22.
Bf3 Rdd8 23. Kg2 Rd7 24. Qd1 fxe4 25. Bxe4 Rh6 26. Qe2 Re7 27. Bf3 Rh8 28. Rh1
c5 29. h5 gxh5 30. Bxh5+ g6 31. Bxg6+ Kxg6 32. Rxh8 Bxh8 33. f5+ Kf7 34. Qh5+
Kg8 35. Qg5+ Kf8 36. fxe6 Rxe6 37. Rf1+ Ke8 38. Qg8+ Kd7 39. Rf7+ Kc6 40. Qd8
Rd6 41. Qc7+ Kd5 42. Qxb7+ Ke6 43. Re7+ Kf6 44. Rh7 1-0

[Event "Bundesliga 2021-22"]
[Site "Viernheim GER"]
[Date "2022.03.06"]
[Round "2.2"]
[Board "4"]
[White "Druska, Juraj"]
[Black "Wagner, Dennis"]
[Result "1/2-1/2"]
[WhiteTitle "IM"]
[BlackTitle "GM"]
[WhiteElo "2503"]
[BlackElo "2584"]
[WhiteTeam "USV TU Dresden"]
[BlackTeam "SC Viernheim"]
[WhiteFideId "14915650"]
[BlackFideId "24650684"]
[EventDate "2022.03.05"]

1. e4 c5 2. c3 d5 3. exd5 Qxd5 4. d4 Nf6 5. Nf3 e6 6. Na3 Nc6 7. Be2 Qd8 8. O-O
cxd4 9. Nb5 Bc5 10. Nfxd4 Nxd4 11. Nxd4 h6 12. Bf4 O-O 13. Be5 Nd7 14. Bg3 Nf6
15. Be5 Nd7 16. Bg3 Nf6 17. Be5 1/2-1/2

[Event "Bundesliga 2021-22"]
[Site "Viernheim GER"]
[Date "2022.03.06"]
[Round "2.2"]
[Board "7"]
[White "Beikert, Guenther"]
[Black "Moehn, Hans"]
[Result "1/2-1/2"]
[WhiteTitle "IM"]
[BlackTitle "FM"]
[WhiteElo "2369"]
[BlackElo "2360"]
[WhiteTeam "SC Viernheim"]
[BlackTeam "USV TU Dresden"]
[WhiteFideId "4614186"]
[BlackFideId "24647837"]
[EventDate "2022.03.05"]

1. e4 e6 2. d4 d5 3. Nc3 dxe4 4. Nxe4 Bd7 5. Nf3 Bc6 6. Bd3 Nd7 7. O-O Ngf6 8.
Ned2 Be7 9. Re1 O-O 10. a4 a5 11. c3 b6 12. Qe2 Qc8 13. Ne4 Qb7 14. Bg5 Rfe8 15.
Bxf6 Nxf6 16. Nxf6+ Bxf6 17. Be4 Bxe4 18. Qxe4 Qxe4 19. Rxe4 Red8 20. Kf1 Rd5 1/2-1/2

[Event "Bundesliga 2021-22"]
[Site "Munich GER"]
[Date "2022.03.06"]
[Round "2.3"]
[Board "1"]
[White "Jones, Gawain C B"]
[Black "Piorun, Kacper"]
[Result "1/2-1/2"]
[WhiteTitle "GM"]
[BlackTitle "GM"]
[WhiteElo "2672"]
[BlackElo "2640"]
[WhiteTeam "Muenchener Schachclub 1836"]
[BlackTeam "SF Berlin"]
[WhiteFideId "409561"]
[BlackFideId "1130420"]
[EventDate "2022.03.05"]

1. e4 e5 2. Nf3 Nc6 3. Bb5 a6 4. Ba4 Nf6 5. O-O Be7 6. Re1 b5 7. Bb3 d6 8. c3
O-O 9. d4 Bg4 10. Be3 exd4 11. cxd4 d5 12. e5 Ne4 13. h3 Bh5 14. Nbd2 Nxd2 15.
Qxd2 Bb4 16. Qc2 Na5 17. Rec1 Nc4 18. Ne1 f6 19. Nd3 Bg6 20. Qe2 Bxd3 21. Qxd3
fxe5 22. dxe5 c6 23. Qd4 c5 24. Qg4 Nxe3 25. fxe3 Bd2 26. Rf1 Bxe3+ 27. Kh1 c4
28. Qe6+ Kh8 29. Bc2 Re8 30. Qc6 Rxe5 31. Rf7 Ra7 32. Rxa7 Bxa7 33. Qxa6 Bb8 34.
Rf1 d4 35. Qb6 Re8 36. Qxb5 d3 37. Ba4 Rg8 38. Qxc4 Qd6 39. g3 h6 40. Qg4 Qd5+
41. Qf3 Qe6 42. Kg2 Qxa2 43. Bc6 Qxb2+ 44. Kh1 d2 45. Be4 Qd4 46. Kg2 Qd6 47.
Qd3 Re8 48. Rd1 Rxe4 49. Qxe4 Qxg3+ 50. Kf1 Qxh3+ 51. Ke2 Qh2+ 52. Kd3 Qg3+ 53.
Kxd2 Qf4+ 54. Kd3 Qxe4+ 55. Kxe4 Kh7 56. Rd3 Bc7 57. Kf5 Bh2 58. Rd4 Bg1 59. Re4
Bb6 60. Re7 1/2-1/2

[Event "Bundesliga 2021-22"]
[Site "Munich GER"]
[Date "2022.03.06"]
[Round "2.3"]
[Board "2"]
[White "Schroeder, Jan-Christian"]
[Black "Saric, Ivan"]
[Result "1/2-1/2"]
[WhiteTitle "GM"]
[BlackTitle "GM"]
[WhiteElo "2564"]
[BlackElo "2687"]
[WhiteTeam "SF Berlin"]
[BlackTeam "Muenchener Schachclub 1836"]
[WhiteFideId "24662259"]
[BlackFideId "14508150"]
[EventDate "2022.03.05"]

1. e4 c5 2. Nf3 d6 3. d4 cxd4 4. Nxd4 Nf6 5. Nc3 a6 6. Be3 e5 7. Nb3 Be7 8. f3
Be6 9. Qd2 Nbd7 10. g4 O-O 11. O-O-O b5 12. g5 Nh5 13. Kb1 Nb6 14. Na5 Rc8 15.
a3 g6 16. Rg1 Qc7 17. Nd5 Nxd5 18. exd5 Bd7 19. Bd3 Bd8 20. Nc6 Bxc6 21. dxc6 d5
22. c3 Qxc6 23. Bc2 d4 24. cxd4 exd4 25. Bxd4 Bb6 26. Be4 Qd6 27. Bxb6 Qxb6 28.
Qd4 Rb8 29. Qxb6 Rxb6 30. b4 Nf4 31. Rd2 a5 32. h4 axb4 33. axb4 Rc8 34. Rg4 Ne6
35. Kb2 Kg7 36. Rd7 Rc7 37. Rxc7 Nxc7 38. Bd3 Rd6 39. Kc2 f5 40. gxf6+ Kxf6 41.
Kd2 Nd5 42. Rd4 Ke5 43. Re4+ Kf6 44. Rd4 Ke5 1/2-1/2

[Event "Bundesliga 2021-22"]
[Site "Munich GER"]
[Date "2022.03.06"]
[Round "2.3"]
[Board "3"]
[White "Martinovic, Sasa"]
[Black "Kraemer, Martin"]
[Result "1-0"]
[WhiteTitle "GM"]
[BlackTitle "GM"]
[WhiteElo "2554"]
[BlackElo "2584"]
[WhiteTeam "Muenchener Schachclub 1836"]
[BlackTeam "SF Berlin"]
[WhiteFideId "14509792"]
[BlackFideId "4671910"]
[EventDate "2022.03.05"]

1. d4 Nf6 2. c4 e6 3. Nc3 Bb4 4. Qc2 d5 5. cxd5 exd5 6. Bg5 h6 7. Bh4 g5 8. Bg3
Nc6 9. e3 h5 10. Bb5 h4 11. Be5 O-O 12. h3 Nxe5 13. dxe5 Ne4 14. Bd3 Nxc3 15.
bxc3 Ba5 16. Nf3 Qe7 17. O-O Be6 18. Rab1 Kh8 19. Bf5 Rg8 20. Rxb7 Bb6 21. Rb1
Qd7 22. Bxe6 Qxe6 23. Rb4 Rg6 24. Rg4 Rag8 25. Nxg5 1-0

[Event "Bundesliga 2021-22"]
[Site "Munich GER"]
[Date "2022.03.06"]
[Round "2.3"]
[Board "6"]
[White "Jakubowski, Krzysztof"]
[Black "Yankelevich, Lev"]
[Result "1/2-1/2"]
[WhiteTitle "GM"]
[BlackTitle "IM"]
[WhiteElo "2475"]
[BlackElo "2459"]
[WhiteTeam "SF Berlin"]
[BlackTeam "Muenchener Schachclub 1836"]
[WhiteFideId "1112848"]
[BlackFideId "24684074"]
[EventDate "2022.03.05"]

1. e4 e5 2. Nf3 Nc6 3. Bc4 Nf6 4. d3 Bc5 5. O-O d6 6. c3 a6 7. Bb3 h6 8. Re1 O-O
9. h3 Ba7 10. Nbd2 Re8 11. Nf1 Be6 12. Be3 d5 13. Bxa7 Rxa7 14. exd5 Bxd5 15.
Bxd5 Nxd5 16. d4 exd4 17. Rxe8+ Qxe8 18. Nxd4 Ra8 19. Nxc6 Qxc6 20. Qd4 Re8 1/2-1/2

[Event "Bundesliga 2021-22"]
[Site "Munich GER"]
[Date "2022.03.06"]
[Round "2.4"]
[Board "1"]
[White "Santos Latasa, Jaime"]
[Black "Stern, Rene"]
[Result "1-0"]
[WhiteTitle "GM"]
[BlackTitle "GM"]
[WhiteElo "2648"]
[BlackElo "2510"]
[WhiteTeam "FC Bayern Muenchen"]
[BlackTeam "SK Koenig Tegel"]
[WhiteFideId "2293307"]
[BlackFideId "4611799"]
[EventDate "2022.03.05"]

1. e4 e5 2. Nf3 Nc6 3. Bc4 Nf6 4. d3 Bc5 5. O-O d6 6. c3 a5 7. Re1 O-O 8. h3 h6
9. Nbd2 Re8 10. Nf1 Ba7 11. Ng3 Be6 12. Bb5 Bd7 13. Ba4 Ne7 14. Bc2 Ng6 15. d4
a4 16. Be3 Bc6 17. Qd2 exd4 18. Bxd4 Ne5 19. Nh2 Bd7 20. Bxa7 Rxa7 21. f4 Nc6
22. Nf3 Ra5 23. Rad1 Qa8 24. Kh2 Qa6 25. Bb1 Bc8 26. Qc2 Kf8 27. b4 axb3 28.
axb3 Rc5 29. Qb2 Qb6 30. b4 Ra5 31. Qc2 Ra3 32. e5 dxe5 33. fxe5 Ng8 34. Qh7
Rxc3 35. Nh5 Rxf3 36. Qxg7+ Ke7 37. gxf3 Be6 38. Qg3 Qxb4 39. Bh7 Ra8 40. Bxg8
Qb2+ 41. Kh1 Ra2 42. Qh4+ Ke8 43. Ng7+ 1-0

[Event "Bundesliga 2021-22"]
[Site "Kiel GER"]
[Date "2022.03.06"]
[Round "2.5"]
[Board "1"]
[White "Svane, Rasmus"]
[Black "Koch, Thomas1"]
[Result "1-0"]
[WhiteTitle "GM"]
[BlackTitle "IM"]
[WhiteElo "2637"]
[BlackElo "2458"]
[WhiteTeam "Hamburger SK"]
[BlackTeam "Aachener SV"]
[WhiteFideId "4657101"]
[BlackFideId "4600533"]
[EventDate "2022.03.05"]

1. d4 Nf6 2. Nf3 c5 3. d5 e6 4. Nc3 b5 5. dxe6 fxe6 6. e4 b4 7. e5 bxc3 8. exf6
Nc6 9. f7+ Kxf7 10. bxc3 Be7 11. Bd3 c4 12. Bxc4 Rf8 13. O-O Kg8 14. Bd3 Qa5 15.
Rb1 Qh5 16. Be3 Kh8 17. Re1 Bf6 18. Ng5 Qxd1 19. Rexd1 g6 20. Ne4 Be7 21. Bb5
Rf5 22. c4 Ne5 23. Bd4 a6 24. Ng3 Bf6 25. Nxf5 axb5 26. Nd6 1-0

[Event "Bundesliga 2021-22"]
[Site "Kiel GER"]
[Date "2022.03.06"]
[Round "2.5"]
[Board "2"]
[White "Piceu, Tom"]
[Black "Papp, Gabor1"]
[Result "0-1"]
[WhiteTitle "IM"]
[BlackTitle "GM"]
[WhiteElo "2331"]
[BlackElo "2574"]
[WhiteTeam "Aachener SV"]
[BlackTeam "Hamburger SK"]
[WhiteFideId "201952"]
[BlackFideId "718602"]
[EventDate "2022.03.05"]

1. d4 Nf6 2. c4 e6 3. Nf3 d5 4. Nc3 dxc4 5. a4 Nc6 6. Bg5 Na5 7. e4 Be7 8. Be2
h6 9. Bf4 O-O 10. O-O c5 11. dxc5 Qxd1 12. Raxd1 Bxc5 13. Bd6 Bxd6 14. Rxd6 b6
15. e5 Nd7 16. Rfd1 Nc5 17. Nd2 Ba6 18. Nde4 Nd3 19. Bxd3 cxd3 20. Nc5 bxc5 21.
Rxa6 Nc4 22. b3 Nxe5 23. f4 Ng6 24. Rxd3 Nxf4 25. Rd7 Rab8 26. Nb5 Ne2+ 27. Kf2
Nd4 28. Nxd4 cxd4 29. Raxa7 Rxb3 30. Rxd4 Rc8 31. Rd2 Ra3 32. h3 g5 33. Kg1 Rc1+
34. Kh2 Rf1 35. a5 h5 36. a6 h4 37. Ra8+ Kg7 38. a7 Raa1 39. g4 hxg3+ 40. Kxg3
Ra3+ 41. Kg2 Rfa1 42. Rd7 R1a2+ 43. Kg1 Rg3+ 0-1

[Event "Bundesliga 2021-22"]
[Site "Kiel GER"]
[Date "2022.03.06"]
[Round "2.5"]
[Board "3"]
[White "Engel, Luis"]
[Black "Lemmers, Oscar"]
[Result "1/2-1/2"]
[WhiteTitle "GM"]
[BlackTitle "IM"]
[WhiteElo "2564"]
[BlackElo "2337"]
[WhiteTeam "Hamburger SK"]
[BlackTeam "Aachener SV"]
[WhiteFideId "12961523"]
[BlackFideId "1002759"]
[EventDate "2022.03.05"]

1. e4 c5 2. Nf3 e6 3. d4 cxd4 4. Nxd4 a6 5. Bd3 Ne7 6. O-O Nbc6 7. Nf3 Ng6 8. c4
Qc7 9. Nc3 Bd6 10. Be3 Bf4 11. Re1 Bxe3 12. Rxe3 O-O 13. Qd2 b6 14. Rd1 Rb8 15.
b3 Rd8 16. Bf1 f6 17. h4 Nge5 18. Nh2 Nf7 19. Rg3 Bb7 20. Be2 Ne7 21. Bh5 g6 22.
Be2 f5 23. h5 fxe4 24. Ng4 Nf5 25. hxg6 hxg6 26. Nf6+ Kg7 27. Nh5+ Kh7 28. Nf6+
Kg7 29. Nh5+ Kh7 30. Nf6+ 1/2-1/2

[Event "Bundesliga 2021-22"]
[Site "Kiel GER"]
[Date "2022.03.06"]
[Round "2.5"]
[Board "4"]
[White "Klein, Felix"]
[Black "Kempinski, Robert"]
[Result "1/2-1/2"]
[WhiteTitle "FM"]
[BlackTitle "GM"]
[WhiteElo "2266"]
[BlackElo "2568"]
[WhiteTeam "Aachener SV"]
[BlackTeam "Hamburger SK"]
[WhiteFideId "24600458"]
[BlackFideId "1105663"]
[EventDate "2022.03.05"]

1. e4 c5 2. Nf3 e6 3. d4 cxd4 4. Nxd4 Nc6 5. Nc3 a6 6. Be3 Nf6 7. a3 Qc7 8. f4
d6 9. Qf3 b5 10. e5 Nxd4 11. Bxd4 Bb7 12. Qg3 dxe5 13. Bxe5 Bd6 14. O-O-O Bxe5
15. fxe5 Nd5 16. Qxg7 O-O-O 17. Nxd5 Bxd5 18. Bd3 Rhg8 19. Qxh7 Rxg2 20. Rhf1
Qxe5 21. Qxf7 Qe3+ 22. Kb1 Rxh2 23. a4 Qc5 24. axb5 axb5 25. Qf4 Rdh8 26. Rd2
R2h4 27. Qf2 Qxf2 28. Rdxf2 b4 29. Rf7 Rh1 30. b3 Rxf1+ 31. Bxf1 Rh4 32. Kb2 Kd8
33. Bb5 Rg4 34. Rd7+ Kc8 35. Re7 Rf4 36. Ba4 Rf2 37. Bb5 Rf4 1/2-1/2

[Event "Bundesliga 2021-22"]
[Site "Kiel GER"]
[Date "2022.03.06"]
[Round "2.5"]
[Board "5"]
[White "Ernst, Sipke"]
[Black "Begnis, Nikolaos"]
[Result "1-0"]
[WhiteTitle "GM"]
[BlackTitle "FM"]
[WhiteElo "2537"]
[BlackElo "2278"]
[WhiteTeam "Hamburger SK"]
[BlackTeam "Aachener SV"]
[WhiteFideId "1004689"]
[BlackFideId "4200306"]
[EventDate "2022.03.05"]

1. d4 Nf6 2. c4 g6 3. Nc3 Bg7 4. e4 d6 5. h4 c5 6. d5 h5 7. Be2 O-O 8. Nf3 b5 9.
cxb5 a6 10. a4 axb5 11. Bxb5 Na6 12. Qe2 Nc7 13. Bc4 Bg4 14. Bg5 Qb8 15. Ra3 e6
16. O-O Re8 17. Qd3 exd5 18. exd5 Bf5 19. Qd2 Qb4 20. Nb5 Qxc4 21. Nxc7 Re2 22.
Qd1 Bc2 23. Nd2 Bxd1 24. Nxc4 Rxa4 25. Rxa4 Bxa4 26. Ra1 Bb3 27. Nd2 Bxd5 28.
Kf1 Re5 29. f3 Ne8 30. Nxd5 Rxd5 31. Ra8 Re5 32. Ne4 Kh7 33. Bf4 Rxe4 34. fxe4
Nf6 35. e5 dxe5 36. Bxe5 Ne4 37. Bxg7 Kxg7 38. Ke2 Kf6 39. Kd3 Nd6 40. Ra5 c4+
41. Kd4 Ke6 42. Ra6 Ke7 43. Ra5 Ke6 44. Re5+ Kd7 45. Kd5 f6 46. Re6 Nf5 47. Rxf6
Ne3+ 48. Ke4 Nxg2 49. Rxg6 Nxh4 50. Rg5 Ke7 51. Rxh5 Ng6 52. Rh7+ Kf6 53. Rh6 1-0

[Event "Bundesliga 2021-22"]
[Site "Kiel GER"]
[Date "2022.03.06"]
[Round "2.5"]
[Board "6"]
[White "Coenen, Norbert"]
[Black "Svane, Frederik"]
[Result "0-1"]
[WhiteTitle "IM"]
[BlackTitle "IM"]
[WhiteElo "2270"]
[BlackElo "2496"]
[WhiteTeam "Aachener SV"]
[BlackTeam "Hamburger SK"]
[WhiteFideId "4619455"]
[BlackFideId "12923044"]
[EventDate "2022.03.05"]

1. e4 c5 2. Nf3 d6 3. Bb5+ Nd7 4. O-O a6 5. Bd3 Ngf6 6. c3 e5 7. Re1 Be7 8. a4
O-O 9. Na3 Re8 10. Bc4 h6 11. d4 Qc7 12. dxe5 dxe5 13. Qb3 Rf8 14. a5 Bd6 15.
Nh4 b5 16. axb6 Nxb6 17. Qd1 Kh7 18. Qf3 Bg4 19. Qg3 Rfd8 20. h3 Bc8 21. Qf3
Nxc4 22. Nxc4 Be6 23. Ne3 c4 24. Nef5 Ng8 25. Nxd6 Rxd6 26. Qg3 Rd3 27. Nf3 f6
28. Qh4 Qf7 29. Re3 Rd1+ 30. Re1 Rd3 31. Re3 Rd6 32. Re1 Ne7 33. Be3 Rd3 34.
Red1 Ng6 35. Qh5 Qb7 36. Nh4 Qxe4 37. Qxg6+ Qxg6 38. Nxg6 Kxg6 39. Kf1 Rb8 40.
b4 cxb3 0-1

[Event "Bundesliga 2021-22"]
[Site "Kiel GER"]
[Date "2022.03.06"]
[Round "2.5"]
[Board "8"]
[White "Lamby, Philipp"]
[Black "Rogozenco, Dorian"]
[Result "1/2-1/2"]
[BlackTitle "GM"]
[WhiteElo "2140"]
[BlackElo "2448"]
[WhiteTeam "Aachener SV"]
[BlackTeam "Hamburger SK"]
[WhiteFideId "4657160"]
[BlackFideId "1210319"]
[EventDate "2022.03.05"]

1. e4 c5 2. c3 d5 3. exd5 Qxd5 4. d4 Nf6 5. Nf3 e6 6. Bd3 Nc6 7. O-O Be7 8. Be3
O-O 9. c4 Qd7 10. Ne5 Qc7 11. Nxc6 Qxc6 12. dxc5 Bxc5 13. Bxc5 Qxc5 14. Nc3 e5
15. Qc2 Be6 16. b3 h6 17. Bf5 Bxf5 18. Qxf5 Rad8 19. Rfe1 Rfe8 20. Rad1 Qa5 21.
Ne4 Nxe4 22. Qxe4 Qxa2 23. Rxd8 Rxd8 24. Qxb7 Qe2 25. Rf1 Rd1 26. Qc8+ Kh7 27.
Qf5+ Kg8 28. Qc8+ Kh7 29. Qf5+ Kg8 1/2-1/2

[Event "Bundesliga 2021-22"]
[Site "Kiel GER"]
[Date "2022.03.06"]
[Round "2.6"]
[Board "1"]
[White "Lupulescu, Constantin"]
[Black "Banusz, Tamas"]
[Result "1/2-1/2"]
[WhiteTitle "GM"]
[BlackTitle "GM"]
[WhiteElo "2622"]
[BlackElo "2600"]
[WhiteTeam "SK Doppelbauer Turm Kiel"]
[BlackTeam "Duesseldorfer SK"]
[WhiteFideId "1207822"]
[BlackFideId "722413"]
[EventDate "2022.03.05"]

1. d4 d5 2. c4 c6 3. Nf3 Nf6 4. e3 Bf5 5. Bd3 Bxd3 6. Qxd3 e6 7. O-O Nbd7 8.
Nbd2 Be7 9. Rd1 O-O 10. e4 dxe4 11. Nxe4 Nxe4 12. Qxe4 Qa5 13. Bd2 Qa6 14. b3
Rfe8 15. Bc3 Rad8 16. Qc2 b5 17. c5 Qb7 18. b4 Nf6 19. a4 a6 20. Ra3 Nd5 21.
Rda1 Bf6 22. axb5 Qxb5 23. Qb2 Qc4 1/2-1/2

[Event "Bundesliga 2021-22"]
[Site "Kiel GER"]
[Date "2022.03.06"]
[Round "2.6"]
[Board "2"]
[White "Tan, Justin2"]
[Black "Salgado Lopez, Ivan"]
[Result "0-1"]
[WhiteTitle "GM"]
[BlackTitle "GM"]
[WhiteElo "2533"]
[BlackElo "2611"]
[WhiteTeam "Duesseldorfer SK"]
[BlackTeam "SK Doppelbauer Turm Kiel"]
[WhiteFideId "3206882"]
[BlackFideId "2257327"]
[EventDate "2022.03.05"]

1. e4 c5 2. Nf3 d6 3. Bb5+ Nd7 4. a4 a6 5. Be2 Ngf6 6. Nc3 e6 7. O-O Be7 8. d4
cxd4 9. Qxd4 b6 10. Rd1 Qc7 11. Nd2 Ne5 12. Nb3 Bb7 13. Bf4 O-O 14. Bg3 Rac8 15.
Qe3 Rfd8 16. Rd4 Nc6 17. Rd2 Nd7 18. Rad1 Nc5 19. Nc1 h6 20. N1a2 Bg5 21. f4 Bf6
22. Bf3 Qe7 23. Qe1 Qe8 24. h4 Na5 25. b3 Ncxb3 26. cxb3 Bxc3 27. Nxc3 Rxc3 28.
Rxd6 Rxd6 29. Rxd6 Rxb3 30. Qd1 Qxa4 31. Rxb6 Qa2 32. Qd8+ Kh7 33. Rd6 Nc4 34.
Rd7 Rb1+ 35. Kh2 Qa1 36. Bf2 Ne5 37. Rd2 Nxf3+ 38. gxf3 Rh1+ 39. Kg3 Qf1 40. f5
e5 0-1

[Event "Bundesliga 2021-22"]
[Site "Kiel GER"]
[Date "2022.03.06"]
[Round "2.6"]
[Board "3"]
[White "Khenkin, Igor"]
[Black "Orlov, Andrey"]
[Result "1/2-1/2"]
[WhiteTitle "GM"]
[BlackTitle "GM"]
[WhiteElo "2509"]
[BlackElo "2491"]
[WhiteTeam "SK Doppelbauer Turm Kiel"]
[BlackTeam "Duesseldorfer SK"]
[WhiteFideId "4659600"]
[BlackFideId "4125282"]
[EventDate "2022.03.05"]

1. d4 Nf6 2. c4 e6 3. Nf3 d5 4. Nc3 Bb4 5. Bg5 h6 6. Bxf6 Qxf6 7. Qb3 c5 8. cxd5
exd5 9. e3 O-O 10. dxc5 Bxc3+ 11. Qxc3 Qxc3+ 12. bxc3 Nd7 13. Rd1 Nf6 14. Nd4
Bd7 15. f3 Rfc8 16. Nb3 Kf8 17. Kd2 Ba4 18. Rb1 Bxb3 19. axb3 Rxc5 20. Ra1 a6
21. Bd3 Rac8 22. Rhc1 h5 23. b4 R5c6 24. Ra5 Ke7 25. b5 Rc5 26. Rca1 Rxc3 27.
bxa6 bxa6 28. Rxa6 R8c7 29. Ra7 Rc5 30. R1a6 g6 31. Rxc7+ Rxc7 32. Bb1 Rb7 33.
Bc2 Ne8 34. Ra5 1/2-1/2